Undang-undang dan pentadbiran kerajaan tempatan di Malaysia

Bibliographic Details
Main Author: Mohd Bakri Ishak (Author)
Format: Book
Language:Malay
Published: Kuala Lumpur : Dewan Bahasa dan Pustaka , c2015
Subjects:

MARC

LEADER 00000cam a2200000 7i4500
001 0000089331
005 20160511093000.0
008 160222s2015 my may
020 |a 9789834613976 
020 |a 9834613970 
050 0 0 |a d61 KPG2300   |b .M64 2015 
090 0 0 |a d61 KPG2300   |b .M64 2015 
100 0 |a Mohd Bakri Ishak ,   |e author 
245 1 0 |a Undang-undang dan pentadbiran kerajaan tempatan di Malaysia   |c Mohd Bakri Ishak 
260 |a Kuala Lumpur :   |b Dewan Bahasa dan Pustaka ,   |c c2015 
300 |a xx, 187 p. :   |b ill. ;   |c 23 cm. 
505 0 |a 1. Latar belakang kerajaan tempatan di Malaysia : kajian kes Majlis Bandaraya Ipoh -- 2. Proses dan prosedur meluluskan pelan bangunan dan pengeluaran sijil layak menduduki bangunan oleh pihak berkuasa tempatan : kajian kes Majlis Bandaraya Ipoh -- 3. Pengurusan sisa pepejal dan peraturan oleh pihak berkuasa tempatan:kajian kes di Majlis Bandaraya Alor Setar -- 4. Penilaian harta tanah untuk tujuan cukai taksiran : kajian kes di Majlis Bandaraya Ipoh -- 5. Pengapliksian akta kerajaan tempatan 1976 (Akta 171)(Akt76) dalam melaksanakan dan menguatkuasakan penilaian untuk tujuan kadaran oleh pihak berkuasa tempatan -- 6. Peranan kementerian perumahan dan kerajaan tempatan dan bahagian kerajaan tempatan pejabat setiausaha kerajaan Negeri Perak (SUKPK) kepada pihak berkuasa tempatan di Perak -- 7. Amalan dan institusi berkaitan pengurusan alam sekitar di Malaysia -- 8. Pelbagai undang-undang kecil yang diguna pakai oleh pihak berkuasa tempatan di Malaysia : satu imbasan -- 9. Pengurusan sisa pepejal oleh pihak berkuasa tempatan di Eropah 
650 0 |a Local government   |x Law and legislation   |z Malaysia 
650 0 |a Local government   |z Malaysia   |x Management 
999 |a 1000165906   |b Book   |c OPEN SHELF (30 DAYS)   |e Gong Badak Campus